Prolegómenos de jurisprudencia : introducción al derecho internacional /

Guardado en:
Detalles Bibliográficos
Autor principal: Zavala, Francisco J. (autor)
Formato: Libro
Idioma:Español
Publicado: Guadalajara, México : El Católico, 1887, c1887
Etiquetas: Agrega una etiqueta
Sin etiquetas, Sé el primero en etiquetar este registro!

MARC

LEADER 00000nam^a2200000^a^4500
001 000616207
005 20250613000000.0
009 20260310133716.394
025 |a Donación Robles Martínez, 1 ejemplar 
037 |a Acervo ITESO - Biblioteca 
041 |a ESP 
091 |a FRM. 00631 
100 |a Zavala, Francisco J.  |e (autor) 
245 1 0 |a Prolegómenos de jurisprudencia :  |b introducción al derecho internacional / 
264 4 |a Guadalajara, México :  |b El Católico,  |c 1887, c1887 
300 |a 32 p. ;  |c 19.5 cm. 
336 |a texto  |b txt  |2 rdacontenido 
337 |a sin mediación  |b n  |2 rdamedio 
338 |a volumen  |b nc  |2 rdasoporte 
649 |a XX 
910 |a Fondo Robles Martínez 
920 |a Impresos - Libros 
930 |a Libros Antiguos y Raros 
905 |a 108 
901 |a 616207-10  |b IT2  |c LRA  |i D65160  |u 20250613 
902 |a https://opac.biblio.iteso.mx/vufind/Record/000616207